000 01127nam a2200289 4500
001 0000013378
003 CO-CtgCURN
005 20250429224009.0
007 ta
008 160627s1995 000 0 eng d
020 _a958940507X
040 _aCO-CtgCURN
_bspa
_ccoctgcurn
082 0 _a372.43
_bZ81t
100 1 _aZubiria Samper, Miguel de.
245 1 0 _aTeoria de las seis lecturas :
_bmecanismos del aprehendizaje semantico /
_cMiguel de Zubiria Samper.
260 _aBogotá :
_bFundacion Alberto Merani,
_c1995.
300 _a251 p.
336 _2rdacontent
337 _2rdamedia
_asin mediacion
_bn
338 _2rdacarrier
_avolumen
_bnc
500 _aTeoria de las seis lecturas : como enseñar a leer y a escribir ensayos.
505 8 _aLectura y procesos de pensamientos.--De los grafismos a las palabras leidas.--La decodificacion primaria.--Trastornos en la decodificacion primaria.--Estructuras semantica.--Lectura.--Preescolar y primaria
650 1 4 _aLectura.
908 _a160627
942 _cBK
_h372.43
_iZ81t
_2ddc
999 _c34741
_d34741